000 00726nam a2200253Ia 4500
003 OSt
005 20220927103224.0
006 a|||||r|||| 00| 0
007 ta
008 220926b |||||||| |||| 00| 0 eng d
024 _a2081
037 _cReference Collections
040 _aRTL
_cRTL
_beng
041 _2eng
_aeng
082 _a"H5f1,N9, N4/RR"
100 _aSmith Alan G
_9355726
245 0 _aAtlas of mesozoic and cenozoic coastlines
260 _aNew
_bYork Cambridge University Press
_c1994
300 _a"ix, 99p"
_ccm.
500 _aBibliography: P 55-99
650 _aStratigraphy
_9355727
942 _h"H5f1,N9, N4/RR"
_cCC
999 _c682124
_d682124